Five Letter Geography - Z - Statistics

General Stats
  • This quiz has been taken 27 times
  • The average score is 3 of 10
Answer Stats
Hint Answer % Correct
Striped animal found natively in Africa Zebra
100%
Old name for the Democratic Republic of the Congo Zaire
92%
A descriptor for flavor or a lively personality Zesty
58%
Relating to a specific geographic or climatic area Zonal
31%
Form of obligatory almsgiving in Islam, considered a religious tax Zakat
15%
Major industrial city in the country of Jordan Zarqa
8%
A dry wind on the eastern slope of the Andes in Argentina Zonda
8%
Mathematician and computer scientist who created fuzzy logic Lotfi {Zadeh}
4%
A city in southeastern Iran near the Afghan border Zabol
4%
A river and thermal region in Guatemala Zunil
0%
No matching quizzes found
Score Distribution
Percent of People with Each Score
Percentile by Number Answered
Your Score History
You have not taken this quiz